000 00283nam a22001097a 4500
999 _c12531
_d12531
020 _a9788131520765
082 _a150.28
100 _aKaplan, Robert M.
245 _aPsychological Assessment and Theory
_b: Creating and Using Psychological Tests
250 _a8th edition
942 _cBK